000 01223cam a22003617a 4500
003 CHAP
005 20220817041412.0
008 971013s1982 r 00010 d
010 _a13412
011 _a14384
035 _a18457
040 _cCHAP
090 _aTesis
100 0 0 _aCastellanos Escalante, Víctor.
_919996
245 1 4 _aLas cooperativas agropecuarias y pesqueras como instrumento de desarrollo económico
260 _aMéxico, D. F. :
_bEl autor,
_c1982
300 _a109 h.
502 _aTesis (Lic. en Economía) -- UNAM. Fac. de Economía
590 _aALEPH
_b10
_c20130110
_lUCH01
_h1232
590 _aBATCH-UPD
_b10
_c20130110
_lUCH01
_h0257
590 _aBATCH-UPD
_b10
_c20130110
_lUCH01
_h1024
590 _aBATCH-UPD
_b10
_c20130409
_lUCH01
_h2328
590 _aBATCH-UPD
_b10
_c20130410
_lUCH01
_h1536
590 _aBATCH-UPD
_b10
_c20130913
_lUCH01
_h2136
590 _aBATCH-UPD
_b10
_c20130914
_lUCH01
_h1148
590 _aCONVERSION
_b10
_c20130109
_lUCH01
_h1309
650 1 4 _aAgricultura cooperativa
_xMéxico.
_91975
650 1 4 _aDesarrollo económico.
650 1 4 _aSociedades cooperativas
_xMéxico.
_9108135
901 _aBK
942 _cTESIS
949 _bBC
_cTES
_d-43073
_eTS1
_i18457
_si
999 _c13412
_d13412